000 00513nam a2200181Ia 4500
008 240925s9999 xx 000 0 und d
020 _aNA
082 _a796.44 SMI
100 _aSmith, Sydney
245 0 _aHistory of the Tests: a record of all test cricket matches played between england and australia
250 _aNA
260 _aNA
_bNot Available
_c,1946.
300 _a287p.
_bN.A
_fOriginal
500 _aNA
600 _aHumanities & Natural Science
650 _aArts and Recreation
942 _cBK
999 _c12044
_d12044